Ciencia e ingenieria de los materiales / Donald R. Askeland, Pradeep P. Phul‚ (Registro nro. 23243)

Detalles MARC
000 -LÍDER
fixed length control field 00612nam a2200169 4500
008 - ELEMENTOS DE LONGITUD FIJA -- INFORMACIÓN GENERAL
fixed length control field 0 2004 0a 000 0Mex
020 ## - NÚMERO INTERNACIONAL NORMALIZADO PARA LIBROS
ISBN 978-970-686-361-4, 970-686-361-3
050 ## - SIGNATURA TOPOGRAFICA DE LA BIBLIOTECA DEL CONGRESO (LC)
Número de Clasificación TA403 A834 2004
082 ## - NUMERO DE CLASIFICACION DECIMAL DEWEY
Número de Clasificación 620.112 A818c 2004
100 ## - ASIENTO PRINCIPAL--NOMBRE PERSONAL
Nombre personal Askeland, Donald R.
245 ## - TÍTULO
Título Ciencia e ingenieria de los materiales / Donald R. Askeland, Pradeep P. Phul‚
250 ## - MENCIÓN DE EDICIÓN
Mención de edición 4a. ed
260 ## - PUBLICACIÓN, DISTRIBUCIÓN, ETC. (PIE DE IMPRENTA)
Lugar de publicación, distribución, etc. México : Cengage Learning, Thomson
300 ## - DESCRIPCIÓN FÍSICA
Extensión xxvii, 1004 p. / 26 cm.
650 ## - ASIENTO SECUNDARIO DE MATERIA - TERMINO TEMÁTICO
Término temático o nombre geográfico como elemento de entrada 1. RESISTENCIA DE MATERIALES \ 2. MATERIALES \ 3. CIENCIA DE MATERIALES
700 ## - ASIENTO SECUNDARIO - NOMBRE PERSONAL
Nombre personal I. Phul‚, Pradeeo P., couat.
Existencias
No. biblioteca No. biblioteca Número de clasificación Código de barras/Número de adquisición Número de copia Tipo de material
LUIS G. INCLAN LUIS G. INCLAN 620.112 A818c 2004 49085 1 Libros
LUIS G. INCLAN LUIS G. INCLAN 620.112 A818c 2004 49086 2 Libros
LUIS G. INCLAN LUIS G. INCLAN 620.112 A818c 2004 49087 3 Libros
LUIS G. INCLAN LUIS G. INCLAN 620.112 A818c 2004 49088 4 Libros
LUIS G. INCLAN LUIS G. INCLAN 620.112 A818c 2004 49309 5 Libros
LUIS G. INCLAN LUIS G. INCLAN 620.112 A818c 2004 49310 6 Libros
LUIS G. INCLAN LUIS G. INCLAN 620.112 A818c 2004 49311 7 Libros
LUIS G. INCLAN LUIS G. INCLAN 620.112 A818c 2004 49312 8 Libros
LUIS G. INCLAN LUIS G. INCLAN 620.112 A818c 2004 49313 9 Libros
ÁREA DE INDUSTRIAL ÁREA DE INDUSTRIAL 620.112 A818c 2004 50552 22 Libros
ÁREA DE INDUSTRIAL ÁREA DE INDUSTRIAL 620.112 A818c 2004 50553 23 Libros
ÁREA DE INDUSTRIAL ÁREA DE INDUSTRIAL 620.112 A818c 2004 51973 24 Libros
ÁREA DE INDUSTRIAL ÁREA DE INDUSTRIAL 620.112 A818c 2004 49830 10 Libros
ÁREA DE INDUSTRIAL ÁREA DE INDUSTRIAL 620.112 A818c 2004 49937 11 Libros
ÁREA DE INDUSTRIAL ÁREA DE INDUSTRIAL 620.112 A818c 2004 49938 12 Libros
ÁREA DE INDUSTRIAL ÁREA DE INDUSTRIAL 620.112 A818c 2004 49939 13 Libros
ÁREA DE INDUSTRIAL ÁREA DE INDUSTRIAL 620.112 A818c 2004 49940 14 Libros
ÁREA DE INDUSTRIAL ÁREA DE INDUSTRIAL 620.112 A818c 2004 49941 15 Libros
ÁREA DE INDUSTRIAL ÁREA DE INDUSTRIAL 620.112 A818c 2004 49942 16 Libros
ÁREA DE INDUSTRIAL ÁREA DE INDUSTRIAL 620.112 A818c 2004 49997 17 Libros
ÁREA DE INDUSTRIAL ÁREA DE INDUSTRIAL 620.112 A818c 2004 49998 18 Libros
ÁREA DE INDUSTRIAL ÁREA DE INDUSTRIAL 620.112 A818c 2004 49999 19 Libros
ÁREA DE INDUSTRIAL ÁREA DE INDUSTRIAL 620.112 A818c 2004 50000 20 Libros
ÁREA DE INDUSTRIAL ÁREA DE INDUSTRIAL 620.112 A818c 2004 50140 21 Libros
Calzada Tecnológico # 27, Zacatepec, Morelos.
01(734) 343-07-23 / 343-21-10 / 343-21-11
Apdo. Postal 45 C.P 62780